Monaco in Eurovision (1959-2006) - Statistics

General Stats
  • This quiz has been taken 7 times
  • The average score is 7 of 24
Answer Stats
Year Song title Result % Correct
1969 Maman, Maman 6
75%
1971 Un banc, un arbre, une rue 1
75%
1960 Ce soir-là 3
50%
1962 Dis rien 2
50%
2006 La Coco-Dance 21 (SF)
50%
1963 L'Amour s'en va 5
50%
1978 Les Jardins de Monaco 4
50%
2004 Notre planète 19 (SF)
50%
2005 Tout de moi 24 (SF)
50%
1961 Allons, allons les enfants 10
25%
1967 Boum-Badaboum 5
25%
1959 Mon ami Pierrot 11
25%
1964 Où sont-elles passées 3
25%
1976 Toi, la musique et moi 3
25%
1977 Une petite française 4
25%
1968 À chacun sa chanson 7
0%
1966 Bien plus fort 17
0%
1974 Celui qui reste et celui qui s'en va 4
0%
1972 Comme on s'aime 16
0%
1970 Marlène 8
0%
1979 Notre vie c'est la musique 16
0%
1975 Une chanson c'est une lettre 13
0%
1973 Un train qui part 8
0%
1965 Va dire à l'amour 9
0%
No matching quizzes found
Score Distribution
Percent of People with Each Score
Percentile by Number Answered
Your Score History
You have not taken this quiz